| 000 | 01655nam a2200325Ia 4500 | ||
|---|---|---|---|
| 999 |
_c53489 _d53489 |
||
| 001 | 20535 | ||
| 003 | GE_BSU | ||
| 005 | 20210108225254.0 | ||
| 008 | 181216s1990||||ge |||||||||||||| ||geo|| | ||
| 040 | _cGE_BSU | ||
| 041 | _ageo | ||
| 080 | _a811.353.1-8(075.3) შ-21 | ||
| 100 |
_aშანიძე, აკაკი _910015 |
||
| 245 |
_aქართული ენა (გრამატიკა, ფონეტიკა, გრაფიკა, ლექსიკა, პუნქტუაცია, მეტყველების განვითარება) : _bმე-5 კლასის სახელმძღვანელო / _cაკაკი შანიძე, ი. იმნაიშვილი, ლ. კვაჭაძე ; რედ. ე. პოლოლიკაშვილი. |
||
| 264 |
_aთბილისი : _bგანათლება, _c1990. |
||
| 300 |
_a123 გვ. ; _c 22 სმ. |
||
| 541 | _h30 თ. | ||
| 653 | _aმე-5 კლასის სახელმძღვანელო | ||
| 653 | _aქართული ენა | ||
| 653 | _aგრამატიკა | ||
| 653 | _aფონეტიკა | ||
| 653 | _aგრაფიკა | ||
| 653 | _aლექსიკა | ||
| 653 | _a პუნქტუაცია | ||
| 653 | _aმეტყველების განვითარება | ||
| 700 |
_aიმნაიშვილი, ი. _eავტორი _910016 |
||
| 700 |
_aკვაჭაძე, ლ. _eავტორი _910017 |
||
| 700 |
_aპოლოლიკაშვილი, ე. _eრედაქტორი _910018 |
||
| 942 |
_cBK _2udc |
||